|
|
|
|
| LEADER |
00000cam a22000004a 4500 |
| 001 |
musev2_40376 |
| 003 |
MdBmJHUP |
| 005 |
20230905044232.0 |
| 006 |
m o d |
| 007 |
cr||||||||nn|n |
| 008 |
100625s1976 ncu o 00 0 eng d |
| 020 |
|
|
|a 9781469611440
|
| 020 |
|
|
|z 9780807839843
|
| 020 |
|
|
|z 9780807812549
|
| 020 |
|
|
|z 9780807839836
|
| 035 |
|
|
|a (OCoLC)643735939
|
| 040 |
|
|
|a MdBmJHUP
|c MdBmJHUP
|
| 100 |
1 |
|
|a Shaw, Peter,
|d 1936-
|
| 245 |
1 |
4 |
|a The Character of John Adams /
|c by Peter Shaw.
|
| 264 |
|
1 |
|a Chapel Hill :
|b Published for the Institute of Early American History and Culture, Williamsburg, Va., by the University of North Carolina Press,
|c 1976.
|
| 264 |
|
3 |
|a Baltimore, Md. :
|b Project MUSE,
|c 2016
|
| 264 |
|
4 |
|c ©1976.
|
| 300 |
|
|
|a 1 online resource (342 pages):
|b portrait
|
| 336 |
|
|
|a text
|b txt
|2 rdacontent
|
| 337 |
|
|
|a computer
|b c
|2 rdamedia
|
| 338 |
|
|
|a online resource
|b cr
|2 rdacarrier
|
| 490 |
0 |
|
|a Published for the Omohundro Institute of Early American History and Culture, Williamsburg, Virginia
|
| 505 |
0 |
|
|a Preface -- Ambition, 1735-1756 -- The way to fame, 1757-1761 -- Farewell politicks, 1761-1773 -- The atlas of independence, 1774-1777 -- The ambassadors, 1778-1779 -- French and Franklinian politicks, 1779-1782 -- Peace, 1782-1783 --The consolations of philosophy, 1783-1788 -- Great sacrifices to union, 1789-1796 -- President John Adams, 1796-1801 -- The monarch of Stoney Field, 1801-1812 -- The garrulity of narrative old age, 1813-1826.
|
| 546 |
|
|
|a English.
|
| 588 |
|
|
|a Description based on print version record.
|
| 600 |
1 |
7 |
|a Adams, John,
|d 1735-1826.
|2 fast
|0 (OCoLC)fst00042531
|
| 600 |
1 |
6 |
|a Adams, John,
|d 1735-1826.
|
| 600 |
1 |
1 |
|a Adams, John,
|d 1735-1826.
|
| 600 |
1 |
0 |
|a Adams, John,
|d 1735-1826.
|
| 650 |
|
7 |
|a Presidents.
|2 fast
|0 (OCoLC)fst01075723
|
| 650 |
|
7 |
|a HISTORY
|z United States
|x State & Local
|x General.
|2 bisacsh
|
| 650 |
|
7 |
|a BIOGRAPHY & AUTOBIOGRAPHY
|x Historical.
|2 bisacsh
|
| 650 |
|
7 |
|a HISTORY
|z United States
|x Revolutionary Period (1775-1800)
|2 bisacsh
|
| 650 |
|
6 |
|a Presidents
|z États-Unis
|v Biographies.
|
| 650 |
|
0 |
|a Presidents
|z United States
|v Biography.
|
| 651 |
|
7 |
|a United States.
|2 fast
|0 (OCoLC)fst01204155
|
| 655 |
|
7 |
|a Biographies.
|2 rvmgf
|
| 655 |
|
7 |
|a Biographies.
|2 lcgft
|
| 655 |
|
7 |
|a Biographies.
|2 fast
|0 (OCoLC)fst01919896
|
| 655 |
|
7 |
|a collective biographies.
|2 aat
|
| 655 |
|
2 |
|a Biography
|
| 655 |
|
7 |
|a Electronic books.
|2 local
|
| 710 |
2 |
|
|a Institute of Early American History and Culture (Williamsburg, Va.)
|
| 710 |
2 |
|
|a Project Muse.
|e distributor
|
| 830 |
|
0 |
|a Book collections on Project MUSE.
|
| 856 |
4 |
0 |
|z Texto completo
|u https://projectmuse.uam.elogim.com/book/40376/
|
| 945 |
|
|
|a Project MUSE - Custom Collection
|
| 945 |
|
|
|a Project MUSE - Archive Complete Supplement IV
|
| 945 |
|
|
|a Project MUSE - Archive History Supplement IV
|